| 000 | 00653cam a2200205 4500 | ||
|---|---|---|---|
| 001 | WB3602-25 | ||
| 008 | 000000n2000 000 0 eng u | ||
| 035 | _a(Sirsi) u103584 | ||
| 245 | _aDuty to repair | ||
| 260 | _c2000 | ||
| 490 |
_aEstates Gazette _v(0001) 8 January 2000, 88(1) |
||
| 520 | _aDiscusses a recent case, "Dayani v Bromley LBC" which established that a fixed-term tenant will be liable for permissive waste at common law. | ||
| 590 | _aWB | ||
| 650 | _aPERMISSIVE WASTE | ||
| 650 | _aDAYANI V BROMLEY LBC | ||
| 650 | _aDUTY TO REPAIR | ||
| 650 | _aREPAIRING OBLIGATIONS | ||
| 690 | _aLANDLORD AND TENANT-LEASES | ||
| 942 | _n0 | ||
| 999 |
_c62221 _d62221 |
||